000 00248nam a22001217a 4500
082 _a823
_bMAT/Y
100 _aMATHEIKAL, TOMICHAN
245 _aYEARNING
260 _aALUVA
_bPEN BOOKS
_c2004
300 _a128
650 _aNOVEL
_zINDIA
942 _cBK
999 _c3528
_d3528